Edmund Crispin Novels/Short Story Collections Quiz Stats

 Plays Quiz not verified by Sporcle

Also try: Babelfish Books
Challenge
Share
Tweet
Score 0/11 Timer 05:00
0 Plays Today
% Correct
Holy
100%
The Moving
100%
Buried for
100%
Frequent
100%
The Glimpses
100%
The Case of
85.7%
Swan
85.7%
Love
85.7%
The
85.7%
Beware of
85.7%
Fen Country
0%

You're not logged in!

Compare scores with friends on all Sporcle quizzes.
OR
Log In

You Might Also Like...

Show Comments

Extras

Top Quizzes Today


Score Distribution

Your Account Isn't Verified!

In order to create a playlist on Sporcle, you need to verify the email address you used during registration. Go to your Sporcle Settings to finish the process.

Report this User

Report this user for behavior that violates our Community Guidelines.

Details: